000 00450nam a2200181Ia 4500
003 GCL
008 140319s9999 xx 000 0 eng d
040 _aGCL /
_cGCL
082 0 4 _a726.2
_bB I
100 1 _aBLAIR, SHEILA S
245 1 0 _aISLAMIC INSCRIPTIONS /
_cBLAIR, SHEILA S
260 _a[S.N] :
_bEDINBURGH UNIVERSITY ،
_c1998
300 _a243 P
650 0 4 _aINSCRIPTIONS
650 0 4 _aARTS
650 0 4 _aISLAM - ARTS
942 _2ddc
_cBK
999 _c16434
_d16434